| 000 | 00497nam a22001937a 4500 | ||
|---|---|---|---|
| 003 | MPLRDC | ||
| 005 | 20220104192018.0 | ||
| 008 | 210129b ||||| |||| 00| 0 eng d | ||
| 020 | _a978-986-6612-98-5 | ||
| 082 | _a418.91 XQY | ||
| 100 | _a萧千佑 | ||
| 245 |
_a聪明健脑特效食谱 _c |
||
| 250 | _a初版 | ||
| 260 |
_a台湾 _b源桦出版事业股份有限公司 _c2011 |
||
| 300 | _b平 | ||
| 490 | _a对症特效食谱: 23 | ||
| 650 | _a食物治疗 | ||
| 942 |
_cBK _o418.91 XQY |
||
| 999 |
_c64516 _d64506 |
||